000 00667nam a2200205Ii 4500
003 JO-AjNU
008 230605s9999||||xx |||||||||||||| ||und||
017 _a2012/7/2355
040 _aJO-AjNU
_bara
_erda
_cJO-AjNU
041 _aara
050 1 4 _aBP165.5.F35 2012
100 3 _aالفقير، نوح مصطفى,
_eauthor
_949918
245 0 0 _aمدخل الى العقيدة الإسلامية
264 3 1 _aعمان: المؤلف، 2012
300 _a102ص
336 _atext
_btxt
_2rdacontent
337 _aunmediated
_bn
_2rdamedia
338 _avolume
_bnc
_2rdacarrier
650 4 _aالاسلام - الشريعة الاسلامية - الاسلام
_949919
999 _aA21956
_c25524
_d25524